| 000 | 01243cam a2200349 i 4500 | ||
|---|---|---|---|
| 001 | 10415 | ||
| 003 | Mx-PuUPA | ||
| 005 | 20220221133706.0 | ||
| 008 | 140415s1989 sp a gre 001 0 spa d | ||
| 017 | _aM. 8.888-1961 | ||
| 020 |
_a8423952207 _qtomo 20 |
||
| 040 |
_aMx-PuUPA _bspa _cMx-PuUPA _dMx-PuUPA _erda |
||
| 041 | 0 | _aspa | |
| 100 | 1 |
_aRivière, Jean Roger, _eautor |
|
| 245 | 1 | 3 |
_aEl arte de la China / _cpor Jean Roger Rivière |
| 250 | _aQuinta edición | ||
| 264 | 1 |
_aMadrid : _bEspasa-Calpe, _c1989 _c©1966 |
|
| 300 |
_a626 páginas, xxxii hojas : _bilustraciones, láminas (algunas a color) ; _c28 cm |
||
| 336 |
_2rdacontent _atexto _btxt |
||
| 336 |
_2rdacontent _aimagen fija _bsti |
||
| 337 |
_2rdamedia _asin medio _bn |
||
| 338 |
_2rdacarrier _avolumen _bnc |
||
| 490 | 1 |
_aSumma artis, historia general del arte ; _v20 |
|
| 650 | 7 |
_aArte _xHistoria _2armarc |
|
| 655 | 7 |
_2armarc _aEnciclopedias |
|
| 785 | 0 | 0 |
_aGutiérrez, Fernando G. _bQuinta edición _dMadrid : Espasa-Calpe, 1989 _tEl arte del Japón _w(Mx-PuUPA) 10416 _z8423952215 |
| 830 | 0 |
_912114 _aSumma artis, historia general del arte _v20 |
|
| 942 |
_2ddc _cLI _h709 _iS955 |
||
| 999 |
_c10415 _d10415 |
||